000 00863nam a2200277 i 4500
001 15725
003 ES-MaACL
005 20250507063016.0
007 t|
008 000504s1982 sp ||||0| spa j
020 _a84-7178-451-3
040 _aM-BN
_bspa
_cM-BN
080 _a32 Fraga Iribarne, Manuel (079.5)
100 1 _aFraga Iribarne, Manuel,
_d1922-2012
_9193721
245 1 3 _aEl cañón giratorio
_b: conversaciones con Eduardo Chamorro /
_cManuel Fraga Iribarne.
250 _a1ª ed.
260 _aBarcelona :
_bArgos Vergara,
_c1982.
300 _a207 p. ;
_c22 cm.
490 1 _aPrimera plana
500 _aIndices.
600 1 4 _aFraga Iribarne, Manuel-
_vEntrevistas.
_952078
700 1 _aChamorro, Eduardo.
_937886
830 0 _aPrimera plana
_9180521
852 _aES-MaACL
_jL-23039
_bR.127254
999 _c15725
_d15725